000 00785 a2200193 4500
005 20211029094205.0
008 210803b ||||| |||| 00| 0 eng d
040 _aCO-BoUCM
_bspa
_cDeissy Garcia
_dDeissy Garcia
041 _aspa
100 _aMendoza, Plinio
_9104431
245 1 3 _aEl liberalismo en el gobierno 1930-1946
_bse edita esta obra bajo la dirección de Plinio Mendoza Neira y Alberto Camacho Angarita
_cPlinio Mendoza
260 _aBogotá
_bMinerva
_c1946
300 _avolúmenes
504 _aIncluye referencias bibliográficas
650 _aPartido liberal
_xHistoria
_zColombia
_9104469
650 _aPolíticos
_vEnsayos, conferencias, etc.
_y1930-1946
_zColombia
_9104470
942 _cLIBRO
_2DEWEY
_a6
_e1
_h329.9861
_mM539l
_n0
999 _c315833
_d315833